[Event "CZE-ch U10"]
[Site "Teplice"]
[Date "2023.11.15"]
[Round "1"]
[White "Kraus, Stepan"]
[Black "Menkov, Ivan"]
[Result "0-1"]
[WhiteElo "1000"]
[BlackElo "1206"]
[PlyCount "36"]
[EventDate "2023.11.15"]
[EventType "swiss"]
[EventRounds "9"]
[EventCountry "CZE"]
[SourceTitle "CB47_2023"]
[SourceDate "2023.11.22"]
[SourceVersion "1"]
[SourceVersionDate "2023.11.22"]
[SourceQuality "1"]

1. e4 e5 2. Nc3 Nf6 3. Bc4 Nc6 4. d3 Bc5 5. f4 d6 6. Nf3 0-0 7. Qe2 Bg4 8. h3 Nd4 9. Qd1 Bxf3 10. gxf3 Nh5 11. f5 Qh4+ 12. Kd2 Qf4+ 13. Ke1 Qg3+ 14. Kd2 Nxf3+ 15. Qxf3 Qxf3 16. Ne2 Qxh1 17. Kc3 Qe1+ 18. Kb3 Qb4# 0-1